000 02353cam a2200457 4500500
005 20260329013730.0
041 _afre
042 _adc
100 1 0 _aNoël, David
_eauthor
245 0 0 _aLe combat des communistes du Pas-de-Calais pour la paix
260 _c2026.
500 _a14
520 _aTraditionnellement pacifiste, le Parti communiste français fait évoluer son discours au milieu des années trente. En lien avec la diplomatie soviétique, il développe une politique de fermeté face aux régimes autoritaires qui le conduit à soutenir les Républicains espagnols et à s’opposer à la politique d’apaisement avec l’Allemagne nazie au moment des accords de Munich. Dans le département du Pas-de-Calais, terre natale de Maurice Thorez, cette ligne de fermeté face à l’Allemagne nazie se développe au moment où se délite le Front populaire, portée par des cadres communistes locaux convaincus de la justesse de la ligne antifasciste.
520 _aTraditionally a pacifist, the French Communist Party changed its discourse in the mid-thirties. In connection with Soviet diplomacy, he developed a policy of firmness in the face of authoritarian regimes that led him to support the Spanish Republicans and to oppose the policy of appeasement with Nazi Germany at the time of the Munich Agreement. In the department of Pas-de-Calais, the birthplace of Maurice Thorez, this line of firmness against Nazi Germany developed at a time when the Popular Front was crumbling, supported by local communist executives convinced of the correctness of the anti-fascist line.
690 _aAnschluss
690 _aantifascisme
690 _aARAC
690 _aAutriche
690 _aCGT
690 _acommunisme
690 _aEspagne
690 _aMunich
690 _apacifisme
690 _aPCF
690 _aSFIO
690 _aTchécoslovaquie
690 _aAnschluss
690 _aantifascism
690 _aARAC
690 _aAustria
690 _aCGT
690 _acommunism
690 _aCzechoslovakia
690 _aMunich
690 _apacifism
690 _aPCF
690 _aSFIO
690 _aSpain
786 0 _nLa Pensée | 425 | 1 | 2026-03-09 | p. 122-133 | 0031-4773
856 4 1 _uhttps://shs.cairn.info/revue-la-pensee-2026-1-page-122?lang=fr&redirect-ssocas=7080
999 _c1882872
_d1882872